[Event "34th Chess Olympiad (women)"]
[Site "Istanbul"]
[Date "2000.10.29"]
[Round "2.30.1"]
[White "Connolly, Suzanne"]
[Black "Rantanen, Tanja"]
[WhiteElo "2105"]
[BlackElo "2120"]
[WhiteCountry "IRL"]
[BlackCountry "FIN"]
[Result "0-1"]

1. e4 e5 2. Nf3 Nf6 3. Nxe5 d6 4. Nf3 Nxe4 5. d4 d5 6. Bd3 Bd6 7. O-O O-O 
8. Re1 Re8 9. Nbd2 Nf6 10. Nf1 c5 11. Rxe8+ Qxe8 12. dxc5 Bxc5 13. Be3 Bd6 
14. c3 Bg4 15. Be2 Nc6 16. Nd4 Bxe2 17. Nxe2 Rd8 18. Nd4 Qd7 19. Qc2 Ng4 
20. Rd1 Bb8 21. Qf5 Nxd4 22. Qxd7 Ne2+ 23. Kh1 Rxd7 24. g3 f5 25. Kg2 Bxg3 
26. fxg3 Nxe3+ 27. Kf2 Nxc3 28. Kf3 Kf7 29. Rd2 Ke6 30. a3 Ke5 31. a4 b6 
32. a5 Rb7 33. axb6 axb6 34. h3 Ke6 35. Kf4 h6 36. h4 Rb8 37. h5 b5 38. Rd1 Re8 
39. Re1 Nb1 40. Rxb1 Rb8 
0-1

[Event "34th Chess Olympiad (women)"]
[Site "Istanbul"]
[Date "2000.10.29"]
[Round "2.30.2"]
[White "Puuska, Heini"]
[Black "O`Siochru, Mairead"]
[WhiteElo "2023"]
[BlackElo "2000"]
[WhiteCountry "FIN"]
[BlackCountry "IRL"]
[Result "1-0"]

1. d4 d5 2. Bg5 Nf6 3. Nd2 h6 4. Bh4 Bf5 5. e3 e6 6. c4 Be7 7. Ngf3 Nbd7 
8. Be2 O-O 9. O-O c6 10. a3 Ne4 11. Bxe7 Qxe7 12. Nxe4 dxe4 13. Nd2 Qg5 
14. Kh1 Nf6 15. Qb3 Rab8 16. f3 exf3 17. gxf3 Bh7 18. Rg1 Qa5 19. Rad1 b5 
20. c5 Rbd8 21. Bd3 Bxd3 22. Qxd3 e5 23. Qf5 Ne8 24. Qxe5 Rd5 25. Qf4 Rh5 
26. Ne4 Qd8 27. Rg2 f5 28. Ng3 Rh4 29. Qe5 Qf6 30. Qxf6 Rxf6 31. e4 fxe4 
32. fxe4 Kh7 33. d5 Nc7 34. Nf5 Rxf5 35. exf5 Nxd5 36. Rdg1 
1-0

[Event "34th Chess Olympiad (women)"]
[Site "Istanbul"]
[Date "2000.10.29"]
[Round "2.30.3"]
[White "Shaughnessy, Elizabeth"]
[Black "Ristoja, Aulikki"]
[WhiteElo "2000"]
[BlackElo "2000"]
[WhiteCountry "IRL"]
[BlackCountry "FIN"]
[Result "0-1"]

1. e4 d5 2. exd5 Qxd5 3. Nc3 Qa5 4. d4 Nf6 5. Nf3 c6 6. Bd3 Bg4 7. O-O e6 
8. Be3 Bd6 9. Be2 Nbd7 10. Bd2 Bb8 11. Ng5 Qc7 12. f4 Bxe2 13. Qxe2 O-O 
14. Nce4 h6 15. Nxf6+ Nxf6 16. Ne4 Nd5 17. c4 Ne7 18. Rf3 Nf5 19. Rh3 Nxd4 
20. Nf6+ Kh8 21. Rxh6+ gxh6 22. Qh5 Nf5 23. Bc3 Qc8 
0-1

[Event "34th Chess Olympiad (women)"]
[Site "Istanbul"]
[Date "2000.10.29"]
[Round "2.31.1"]
[White "Hernandez, Yadira"]
[Black "Mahini, Mona"]
[WhiteElo "2207"]
[BlackElo "2018"]
[WhiteCountry "MEX"]
[BlackCountry "IRI"]
[Result "1-0"]

1. d4 Nf6 2. c4 g6 3. Nc3 Bg7 4. e4 d6 5. Be2 O-O 6. Nf3 Nbd7 7. Be3 Ng4 
8. Bg5 h5 9. h3 Nh6 10. Qd2 Kh7 11. g4 f6 12. Be3 e5 13. O-O-O exd4 
14. Nxd4 Nc5 15. gxh5 gxh5 16. Rhg1 Qe7 17. Bxh5 Nf7 18. Nd5 Qd8 19. Bg6+ Kh8 
20. Qe2 Kg8 21. Qh5 
1-0

[Event "34th Chess Olympiad (women)"]
[Site "Istanbul"]
[Date "2000.10.29"]
[Round "2.31.2"]
[White "Navabi, Shirin"]
[Black "Guerrero, Alejandra"]
[WhiteElo "2007"]
[BlackElo "2171"]
[WhiteCountry "IRI"]
[BlackCountry "MEX"]
[Result "1-0"]

1. c4 e6 2. e4 d5 3. exd5 exd5 4. cxd5 Qxd5 5. Nc3 Qd8 6. d4 Nf6 7. Bc4 Be7 
8. Nf3 O-O 9. h3 Nbd7 10. O-O Nb6 11. Bb3 c6 12. Re1 h6 13. Ne5 Bf5 14. Qf3 Bh7 
15. Qg3 Nh5 16. Qg4 Nf6 17. Bxf7+ Rxf7 18. Qe6 Qf8 19. Nxf7 Qxf7 20. Qxe7 Nbd5 
21. Qxf7+ Kxf7 22. a3 Nb6 23. Bf4 Rd8 24. Be5 Nc4 25. Ra2 Nd5 26. Nxd5 Rxd5 
27. b3 Na5 28. Re3 Rb5 29. b4 Nc4 30. Rf3+ Kg8 31. Re2 Bg6 32. Rg3 Kf7 
33. Rc3 Nb6 34. Bd6 Nd5 35. Rb3 Bh5 36. g4 Bg6 37. f4 Kg8 38. f5 Bf7 
39. Rg3 Nf6 40. Bc5 Bc4 41. Re1 a5 42. a4 Rxc5 43. bxc5 
1-0

[Event "34th Chess Olympiad (women)"]
[Site "Istanbul"]
[Date "2000.10.29"]
[Round "2.31.3"]
[White "Garcia, Edith"]
[Black "Khachatorian, Yarazik"]
[WhiteElo "2052"]
[BlackElo "2000"]
[WhiteCountry "MEX"]
[BlackCountry "IRI"]
[Result "1/2-1/2"]

1. e4 e5 2. Nf3 Nf6 3. Nxe5 d6 4. Nf3 Nxe4 5. Qe2 Qe7 6. d3 Nf6 7. Bg5 Qe5 
8. Nc3 Qxe2+ 9. Bxe2 Be7 10. h3 c6 11. O-O-O Na6 12. Ne4 Nc7 13. Rhf1 Nfd5 
14. Bxe7 Kxe7 15. Rfe1 Rd8 16. Nfd2 Nf4 17. Bf3 Kf8 18. Nc3 Be6 19. Ne2 Nxe2+ 
20. Rxe2 Nb5 21. Nb3 a5 22. a4 Bxb3 23. axb5 Bd5 24. Bxd5 cxd5 25. Rde1 Rd7 
26. Kd2 Rc7 27. d4 a4 28. Re3 Rac8 29. c3 g6 30. Ra1 Ra8 31. Ree1 b6 
32. Ra3 Rca7 33. Rea1 Ra5 34. R3a2 Ke7 35. Kd3 Ke6 36. Re1+ Kd7 37. Rea1 Ke6 
38. Re1+ 
1/2-1/2

[Event "34th Chess Olympiad (women)"]
[Site "Istanbul"]
[Date "2000.10.29"]
[Round "2.32.1"]
[White "Pacheco, Hilzandryly"]
[Black "Ostry, Irina"]
[WhiteElo "2000"]
[BlackElo "2238"]
[WhiteCountry "PUR"]
[BlackCountry "KGZ"]
[Result "1/2-1/2"]

1. d4 Nf6 2. Bg5 c5 3. d5 d6 4. Bxf6 gxf6 5. g3 Nd7 6. Bg2 Ne5 7. Nd2 Qa5 
8. c3 Bg7 9. h3 b5 10. Qc1 Bd7 11. f4 Nc4 12. Nb3 Qb6 13. e4 a5 14. Ne2 h5 
15. Kf2 Rc8 16. Qd2 f5 17. Raf1 a4 18. Qe3 fxe4 19. Bxe4 b4 20. Rb1 f5 
21. Bf3 Bf6 22. Kg2 Kd8 23. cxb4 a3 24. Rbc1 Qa5 25. Qd3 Rb8 26. Rhe1 Rxb4 
27. Nc3 Ne3+ 28. Qxe3 Rd4 29. Be2 Qa6 30. Bc4 Qb7 31. Kh2 Rg8 32. Rg1 Bh4 
33. Ne2 Rh8 34. Qc3 Re4 35. Qf6 Bxf6 36. Rcf1 Bb5 37. Rf3 Rg8 38. Re3 Rh8 
39. Rxe4 fxe4 
1/2-1/2

[Event "34th Chess Olympiad (women)"]
[Site "Istanbul"]
[Date "2000.10.29"]
[Round "2.32.2"]
[White "Korsakova, Tatiana"]
[Black "Basem-Hassan, Mirian"]
[WhiteElo "2035"]
[BlackElo "2000"]
[WhiteCountry "KGZ"]
[BlackCountry "PUR"]
[Result "1-0"]

1. d4 Nf6 2. c4 e6 3. Nc3 Bb4 4. Bd2 O-O 5. Nf3 d5 6. e3 b6 7. cxd5 Nxd5 
8. Bd3 Bb7 9. O-O Nxc3 10. bxc3 Bd6 11. e4 f5 12. exf5 exf5 13. Ng5 h6 
14. Qb3+ Kh8 15. Nf7+ Rxf7 16. Qxf7 Nd7 17. Qxf5 Nf6 18. Rfe1 Qf8 19. Re3 Bc8 
20. Qg6 Bf4 21. Rf3 Ba6 22. Bxf4 Bxd3 23. Qxd3 c5 24. Rd1 Rd8 25. Qg6 Qe7 
26. Bxh6 Rg8 27. Bg5 c4 28. Rh3+ Nh7 29. Rxh7# 
1-0

[Event "34th Chess Olympiad (women)"]
[Site "Istanbul"]
[Date "2000.10.29"]
[Round "2.32.3"]
[White "Perez, Dolimar"]
[Black "Lim, Greta"]
[WhiteElo "2000"]
[BlackElo "2000"]
[WhiteCountry "PUR"]
[BlackCountry "KGZ"]
[Result "0-1"]

1. e4 c5 2. Nf3 e6 3. Nc3 a6 4. Be2 Nc6 5. d4 cxd4 6. Nxd4 Bb4 7. O-O Nf6 
8. Bf3 Ne5 9. Bg5 Qa5 10. Bd2 Nc4 11. Nb3 Qe5 12. Qc1 Nxd2 13. Qxd2 Bxc3 
14. Qxc3 Qxc3 15. bxc3 g5 16. e5 g4 17. Be2 Ne4 18. Bxg4 Rg8 19. Bf3 Nxc3 
20. Rfe1 Rb8 21. Re3 Na4 22. Be4 h5 23. c4 b6 24. Rc1 Bb7 25. Bxb7 Rxb7 
26. Nd4 Rg4 27. Nf3 Rc7 28. Nd2 Nb2 29. Rec3 Rd4 30. R3c2 Nd3 31. Nf3 Re4 
32. Rd1 Nxe5 33. Nxe5 Rxe5 34. Kf1 Rec5 
0-1

[Event "34th Chess Olympiad (women)"]
[Site "Istanbul"]
[Date "2000.10.29"]
[Round "2.33.1"]
[White "Koskoska, Gabriela"]
[Black "Smith, Vivian"]
[WhiteElo "2219"]
[BlackElo "2000"]
[WhiteCountry "FRM"]
[BlackCountry "NZL"]
[Result "1-0"]

1. e4 d6 2. d4 Nf6 3. Nc3 g6 4. f4 Bg7 5. Nf3 O-O 6. Be2 c6 7. a4 a5 8. O-O Bg4 
9. e5 dxe5 10. fxe5 Nd5 11. Ne4 Bf5 12. Ng3 Bg4 13. Kh1 Na6 14. Bg5 h6 
15. Bd2 Nac7 16. Qc1 Kh7 17. Ne4 Ne6 18. c3 Bf5 19. Ng3 Bg4 20. Ng5+ hxg5 
21. Bxg4 Nef4 22. Ne4 f6 23. g3 Nh5 24. Qc2 Kh8 25. Nxg5 Nxg3+ 26. hxg3 fxg5 
27. Qxg6 Nc7 28. Rxf8+ Qxf8 29. Bf5 Kg8 30. Rf1 Qf7 31. Qh7+ Kf8 32. Bd3 Bf6 
33. Qxf7+ Kxf7 34. exf6 
1-0

[Event "34th Chess Olympiad (women)"]
[Site "Istanbul"]
[Date "2000.10.29"]
[Round "2.33.2"]
[White "Mikhailik, Eleonora"]
[Black "Sekulovska, Vesna"]
[WhiteElo "2000"]
[BlackElo "2120"]
[WhiteCountry "NZL"]
[BlackCountry "FRM"]
[Result "0-1"]

1. e4 e5 2. Nf3 Nc6 3. Bc4 Nf6 4. d3 Be7 5. h3 a6 6. O-O O-O 7. Be3 d6 
8. Nbd2 Na5 9. Nh2 b5 10. Bb3 Nxb3 11. Nxb3 d5 12. exd5 Nxd5 13. Bc1 c5 
14. a3 f6 15. Ng4 Be6 16. Qf3 Qc7 17. Ne3 Nxe3 18. Bxe3 Rad8 19. Rfd1 f5 
20. Bd2 Bd5 21. Qe2 Qc6 22. f3 Bf6 23. Rab1 e4 24. fxe4 fxe4 25. dxe4 Bxe4 
26. Rdc1 c4 27. Na5 Bd4+ 28. Be3 Bxe3+ 29. Qxe3 Qg6 30. Qe2 Bf3 31. Qf2 Bd5 
32. Qe2 Qb6+ 
0-1

[Event "34th Chess Olympiad (women)"]
[Site "Istanbul"]
[Date "2000.10.29"]
[Round "2.33.3"]
[White "Janevska, Aleksandra"]
[Black "Courtney, Helen"]
[WhiteElo "2020"]
[BlackElo "2000"]
[WhiteCountry "FRM"]
[BlackCountry "NZL"]
[Result "1/2-1/2"]

1. d4 Nf6 2. Nf3 e6 3. c4 d5 4. Nc3 c5 5. e3 dxc4 6. Bxc4 Nbd7 7. O-O Be7 
8. dxc5 Bxc5 9. b3 O-O 10. Bb2 b6 11. Qe2 Bb7 12. Rfd1 Qe7 13. Rac1 Rfc8 
14. Rc2 a6 15. a4 Bxf3 16. gxf3 a5 17. f4 Nf8 18. Nb5 Rd8 19. Rcd2 Rxd2 
20. Rxd2 Rd8 21. Rxd8 Qxd8 22. Qd3 Qa8 
1/2-1/2

[Event "34th Chess Olympiad (women)"]
[Site "Istanbul"]
[Date "2000.10.29"]
[Round "2.34.1"]
[White "Mudongo, Boikhutso"]
[Black "Blanco, Acevedo Maria Carolina"]
[WhiteElo "2000"]
[BlackElo "2030"]
[WhiteCountry "BOT"]
[BlackCountry "VEN"]
[Result "0-1"]

1. e4 c5 2. c3 Nf6 3. d3 Nc6 4. Nf3 g6 5. Be2 Bg7 6. h3 b5 7. Qc2 d5 8. e5 Nd7 
9. d4 c4 10. Be3 O-O 11. O-O Nf6 12. Nbd2 Nh5 13. Nh2 Nf4 14. Bg4 e6 
15. Rae1 Qd6 16. g3 Nxe5 17. h4 Ne2+ 18. Rxe2 Nd3 19. Nhf3 b4 20. Ne1 Nxb2 
21. Qxb2 bxc3 22. Qb7 cxd2 23. Rxd2 c3 24. Qxa7 c2 25. Rxc2 Kh8 26. Rxc8 Raxc8 
0-1

[Event "34th Chess Olympiad (women)"]
[Site "Istanbul"]
[Date "2000.10.29"]
[Round "2.34.2"]
[White "Martinez, Aleidi"]
[Black "Lopang, Tshepiso"]
[WhiteElo "2181"]
[BlackElo "2000"]
[WhiteCountry "VEN"]
[BlackCountry "BOT"]
[Result "1-0"]

1. e4 e5 2. Nf3 Nc6 3. d4 exd4 4. Bc4 Qe7 5. O-O d6 6. Nxd4 Nxd4 7. Qxd4 Bd7 
8. Nc3 c6 9. Bf4 h5 10. Rad1 Rh6 11. Bxh6 Nxh6 12. Rfe1 Ng4 13. Be2 Nf6 
14. Bf3 c5 15. Qe3 O-O-O 16. e5 Ng4 17. Bxg4 Bxg4 18. f3 Be6 19. exd6 Rxd6 
20. Qxc5+ Kb8 21. Qe5 Qc7 22. Nb5 Qb6+ 23. Kh1 f6 24. Rxd6 fxe5 25. Rxb6 axb6 
26. Rxe5 Bd7 27. Rg5 
1-0

[Event "34th Chess Olympiad (women)"]
[Site "Istanbul"]
[Date "2000.10.29"]
[Round "2.34.3"]
[White "Nakedi, Gloria"]
[Black "Sanchez, Aliris"]
[WhiteElo "2000"]
[BlackElo "2000"]
[WhiteCountry "BOT"]
[BlackCountry "VEN"]
[Result "0-1"]

1. e4 c5 2. c3 d5 3. e5 Nc6 4. Nf3 Qb6 5. Be2 e6 6. O-O Nge7 7. d4 cxd4 
8. cxd4 Nf5 9. Qa4 Nfxd4 10. Nxd4 Qxd4 11. Bb5 Qxa4 12. Bxa4 Bd7 13. Bxc6 bxc6 
14. Nd2 f6 15. Nf3 Rb8 16. b3 Kf7 17. Bb2 Be7 18. Rac1 c5 19. Ba3 Rhc8 
20. h4 a5 21. g4 a4 22. Rb1 axb3 23. axb3 Rb7 24. Rfc1 Ra7 25. Bb2 Rb8 
26. exf6 gxf6 27. g5 Rxb3 28. Nd2 Rd3 29. Bxf6 Rxd2 30. Rb2 Rxb2 31. Bxb2 d4 
32. f4 Ra2 33. Rc2 d3 34. Rf2 c4 35. Kf1 Bc5 36. Rh2 c3 
0-1

[Event "34th Chess Olympiad (women)"]
[Site "Istanbul"]
[Date "2000.10.29"]
[Round "2.35.1"]
[White "Cast, Abigail"]
[Black "Mendes, Alves"]
[WhiteElo "2114"]
[BlackElo "2000"]
[WhiteCountry "WLS"]
[BlackCountry "ANG"]
[Result "1/2-1/2"]

1. d4 Nf6 2. Nf3 e6 3. Bg5 Be7 4. Nbd2 d5 5. e3 Nbd7 6. Bd3 b6 7. O-O Bb7 
8. c3 Ne4 9. Bxe7 Qxe7 10. a4 O-O 11. a5 c5 12. Qc2 f5 13. Bb5 Ndf6 14. a6 Bc8 
15. Ne5 Qd6 16. Ndf3 Bd7 17. Nxd7 Qxd7 18. Ne5 Qd6 19. f3 Ng5 20. Qe2 Nf7 
21. f4 Nxe5 22. fxe5 Qc7 23. Rfc1 Rac8 24. b3 c4 25. b4 Qf7 26. Rf1 Qg6 
27. Rf3 Qg4 28. Qf2 Qe4 29. Rd1 g5 30. h4 h6 31. hxg5 hxg5 32. Qg3 g4 
33. Rf4 Qc2 34. Rdf1 Qxc3 35. Qxg4+ Kh7 36. Qh5+ Kg8 37. Qg6+ Kh8 38. Qh6+ Kg8 
39. Qg6+ 
1/2-1/2

[Event "34th Chess Olympiad (women)"]
[Site "Istanbul"]
[Date "2000.10.29"]
[Round "2.35.2"]
[White "Conceicao Venancio, Maria"]
[Black "Powell, Annie"]
[WhiteElo "2000"]
[BlackElo "2000"]
[WhiteCountry "ANG"]
[BlackCountry "WLS"]
[Result "0-1"]

1. d4 Nf6 2. c4 e6 3. Nc3 Bb4 4. Bd2 b6 5. Nf3 Bb7 6. e3 O-O 7. Be2 d6 
8. O-O Bxc3 9. Bxc3 Ne4 10. Rc1 Nd7 11. Qc2 f5 12. Rfd1 Ndf6 13. Be1 Qe8 
14. b4 h6 15. c5 Bd5 16. cxd6 cxd6 17. Qb2 Qa4 18. Bc4 Bxc4 19. Rxc4 Qxd1 
0-1

[Event "34th Chess Olympiad (women)"]
[Site "Istanbul"]
[Date "2000.10.29"]
[Round "2.35.3"]
[White "Wilson, Julie"]
[Black "Zangata, Fatima"]
[WhiteElo "2000"]
[BlackElo "2000"]
[WhiteCountry "WLS"]
[BlackCountry "ANG"]
[Result "1-0"]

1. d4 Nf6 2. c4 d5 3. Nf3 dxc4 4. e3 Be6 5. Nc3 Nc6 6. e4 Nxd4 7. Qxd4 c5 
8. Qxd8+ Rxd8 9. Be3 Nd7 10. Ng5 Bg4 11. Bxc4 Ne5 12. Bb5+ Nd7 13. f3 Bh5 
14. Bxc5 a6 15. Bxd7+ Rxd7 16. O-O f6 17. Ne6 Bf7 18. Nf4 Rc7 19. Be3 e5 
20. Nfd5 Rc6 21. Rfd1 Bc5 22. Bxc5 Rxc5 23. Rac1 O-O 24. Ne7+ Kh8 25. Rd7 b5 
26. Rcd1 h6 27. Rd8 Re8 28. Rxe8+ 
1-0

[Event "34th Chess Olympiad (women)"]
[Site "Istanbul"]
[Date "2000.10.29"]
[Round "2.36.1"]
[White "Babic, Gail"]
[Black "Shabanaj, Eglantina"]
[WhiteElo "2000"]
[BlackElo "2176"]
[WhiteCountry "ISV"]
[BlackCountry "ALB"]
[Result "0-1"]

1. e4 e6 2. d4 d5 3. e5 c5 4. c3 Nc6 5. Nf3 Qb6 6. Be2 f6 7. O-O Bd7 
8. Nbd2 cxd4 9. c4 fxe5 10. b3 d3 11. Bxd3 e4 12. Bc2 exf3 13. Qxf3 Nf6 
14. Nb1 O-O-O 15. Nc3 Nd4 16. Qd1 Nxc2 17. Qxc2 d4 18. Na4 Qc7 
0-1

[Event "34th Chess Olympiad (women)"]
[Site "Istanbul"]
[Date "2000.10.29"]
[Round "2.36.2"]
[White "Cima, Rozana"]
[Black "Murphy, Margaret"]
[WhiteElo "2055"]
[BlackElo "2000"]
[WhiteCountry "ALB"]
[BlackCountry "ISV"]
[Result "1-0"]

1. d4 f5 2. e3 Nf6 3. Ne2 e6 4. Nbc3 d5 5. g3 Be7 6. Bg2 O-O 7. O-O c5 
8. Re1 Nc6 9. a3 b6 10. b4 cxb4 11. Nb5 Ba6 12. a4 Bb7 13. Nf4 Kf7 14. h3 a6 
15. Qd3 axb5 16. Qxb5 g5 17. Ne2 Ba6 18. Qxc6 Rc8 
1-0

[Event "34th Chess Olympiad (women)"]
[Site "Istanbul"]
[Date "2000.10.29"]
[Round "2.37.1"]
[White "Charest, Johanne"]
[Black "Mak, Sharon"]
[WhiteElo "2136"]
[BlackElo "2000"]
[WhiteCountry "CAN"]
[BlackCountry "MAC"]
[Result "1-0"]

1. e4 e5 2. Nf3 Nc6 3. Bc4 d6 4. d3 Nf6 5. O-O Be7 6. Re1 O-O 7. c3 Be6 
8. Bb3 d5 9. exd5 Nxd5 10. Nxe5 Nxe5 11. Rxe5 Bd6 12. Bg5 Be7 13. Bxe7 Nxe7 
14. Rxe6 Re8 15. Na3 h6 16. Qe2 Qd7 17. Re1 Ng6 18. d4 Ne5 19. dxe5 g5 
20. g3 c5 21. f4 b6 22. c4 a5 
1-0

[Event "34th Chess Olympiad (women)"]
[Site "Istanbul"]
[Date "2000.10.29"]
[Round "2.37.2"]
[White "Choi, Kuan"]
[Black "Belc, Daniela"]
[WhiteElo "2000"]
[BlackElo "2073"]
[WhiteCountry "MAC"]
[BlackCountry "CAN"]
[Result "0-1"]

1. e4 c5 2. Nf3 g6 3. d4 Bg7 4. Be3 Nf6 5. Bd3 Ng4 6. Qe2 Nxe3 7. Qxe3 cxd4 
8. Nxd4 Qb6 9. c3 Qxb2 10. Nc2 Bxc3+ 11. Nd2 Qb6 12. Rd1 Nc6 13. Bc4 Qxe3+ 
14. Nxe3 O-O 15. O-O d6 16. Nf3 Bd7 17. a3 Bg7 18. Rfe1 Rac8 19. Ba2 Rfd8 
20. Ng5 Be8 21. g3 Nd4 22. Rb1 h6 23. Kg2 hxg5 24. Rxb7 Rd7 25. Rxd7 Bxd7 
26. Nd5 Kf8 27. Rb1 e6 28. Nb4 Nb5 29. Na6 Nc3 30. Rb8 Nxa2 31. Rb7 Bc6 
32. Rxa7 Bxe4+ 33. f3 Rc2+ 34. Kh3 Bxf3 35. Ra8+ Bxa8 
0-1

[Event "34th Chess Olympiad (women)"]
[Site "Istanbul"]
[Date "2000.10.29"]
[Round "2.37.3"]
[White "Chu, Stefanie"]
[Black "Dylis Ma, Pui"]
[WhiteElo "2020"]
[BlackElo "2000"]
[WhiteCountry "CAN"]
[BlackCountry "MAC"]
[Result "1-0"]

1. e4 e5 2. Nf3 Nc6 3. Bb5 Nf6 4. O-O d5 5. exd5 Nxd5 6. Nxe5 Bd7 7. Nxd7 Qxd7 
8. d4 Be7 9. c4 Ndb4 10. a3 a6 11. axb4 axb5 12. Rxa8+ 
1-0

[Event "34th Chess Olympiad (women)"]
[Site "Istanbul"]
[Date "2000.10.29"]
[Round "2.38.1"]
[White "Monterroso Ochoa, Karla"]
[Black "Villegas, Meylin"]
[WhiteElo "2000"]
[BlackElo "2000"]
[WhiteCountry "GUA"]
[BlackCountry "CRC"]
[Result "1/2-1/2"]

1. e4 c6 2. d4 d5 3. exd5 cxd5 4. Bd3 Nc6 5. c3 Nf6 6. Bf4 Bg4 7. Qb3 Qd7 
8. Nd2 e6 9. Ngf3 Bh5 10. Ne5 Qc8 11. Qa4 a6 12. Ndf3 Bxf3 13. Nxf3 Be7 
14. O-O b5 15. Qd1 O-O 16. Ne5 Qb7 17. Qf3 Rac8 18. Qg3 Nxe5 19. dxe5 Ne8 
20. Qh3 g6 21. Rfe1 b4 22. c4 Rb8 23. cxd5 Qxd5 24. Be4 Qd4 25. Qb3 Qb6 
26. Rad1 Rd8 27. Rc1 Bc5 28. Re2 a5 29. Rec2 Rc8 
1/2-1/2

[Event "34th Chess Olympiad (women)"]
[Site "Istanbul"]
[Date "2000.10.29"]
[Round "2.38.2"]
[White "Murioz, Carolina"]
[Black "Castillo Melendez, Dina"]
[WhiteElo "2000"]
[BlackElo "2071"]
[WhiteCountry "CRC"]
[BlackCountry "GUA"]
[Result "1/2-1/2"]

1. e4 c5 2. Nc3 Nc6 3. g3 d6 4. Bg2 e5 5. d3 Nf6 6. f4 a6 7. Nf3 b5 8. a3 Be7 
9. O-O Bb7 10. h3 Nd4 11. fxe5 Nxf3+ 12. Qxf3 dxe5 13. Nd5 h6 14. g4 Bxd5 
15. exd5 Qd6 16. g5 hxg5 17. Bxg5 Rc8 18. Qf5 O-O 19. Bxf6 Qxf6 20. Qh5 Qg5 
21. Qe2 
1/2-1/2

[Event "34th Chess Olympiad (women)"]
[Site "Istanbul"]
[Date "2000.10.29"]
[Round "2.38.3"]
[White "Martinez Porras, Ingrid"]
[Black "Vega, Carla"]
[WhiteElo "2104"]
[BlackElo "2000"]
[WhiteCountry "GUA"]
[BlackCountry "CRC"]
[Result "1/2-1/2"]

1. e4 c5 2. Nf3 d6 3. d4 cxd4 4. Nxd4 Nf6 5. Nc3 g6 6. Be3 Bg7 7. Bc4 O-O 
8. f3 Nc6 9. Qd2 Nd7 10. Bb3 Nb6 11. Nd5 Bd7 12. Nxb6 axb6 13. O-O Na5 
14. Bh6 Nxb3 15. axb3 Bxh6 16. Qxh6 Qc7 17. Qd2 Rfc8 18. c3 Ra6 19. Kh1 Rca8 
20. Rac1 b5 21. Rfd1 Rc8 
1/2-1/2

[Event "34th Chess Olympiad (women)"]
[Site "Istanbul"]
[Date "2000.10.29"]
[Round "2.39.1"]
[White "Tan, Winnie"]
[Black "Leite, Catarina"]
[WhiteElo "2000"]
[BlackElo "2089"]
[WhiteCountry "SIN"]
[BlackCountry "POR"]
[Result "0-1"]

1. e4 e5 2. Nf3 Nc6 3. Bc4 Nf6 4. d3 Be7 5. Be3 d5 6. exd5 Nxd5 7. O-O Bg4 
8. Nbd2 O-O 9. c3 Kh8 10. Bxd5 Qxd5 11. Qa4 f5 12. Bg5 Bxg5 13. Nxg5 Rf6 
14. f3 Bh5 15. Rae1 Rg6 16. Qh4 Rh6 17. Qc4 Rd8 18. Qxd5 Rxd5 19. g4 Rg6 
20. h4 h6 21. c4 Rxd3 22. Nf7+ Kg8 23. Nxe5 Nxe5 24. Rxe5 Rxd2 25. Rxf5 Bxg4 
26. fxg4 Rxg4+ 27. Kh1 Rxh4+ 28. Kg1 Rxc4 
0-1

[Event "34th Chess Olympiad (women)"]
[Site "Istanbul"]
[Date "2000.10.29"]
[Round "2.39.2"]
[White "Henriques, Sofia"]
[Black "Xu, Yaping"]
[WhiteElo "2032"]
[BlackElo "2000"]
[WhiteCountry "POR"]
[BlackCountry "SIN"]
[Result "1-0"]

1. e4 c5 2. Nf3 d6 3. d4 cxd4 4. Nxd4 Nf6 5. Nc3 a6 6. Be3 e5 7. Nb3 Be7 
8. f3 Qc7 9. Qd2 b5 10. O-O-O Nbd7 11. g4 Nb6 12. g5 Nfd7 13. h4 b4 
14. Nd5 Nxd5 15. exd5 a5 16. Kb1 Bb7 17. h5 a4 18. Nc1 Ra5 19. Qxb4 Bxd5 
20. Bh3 Be6 21. Bxe6 fxe6 22. g6 d5 23. Qg4 d4 24. Bd2 Rb5 25. gxh7 Qb6 
26. b3 Nf6 27. Qxg7 Rxh7 28. Qg6+ Kd7 29. Bg5 axb3 30. cxb3 Rh8 31. Bxf6 Bxf6 
32. Qxf6 Rc8 33. Rhg1 Rcc5 34. Rg7+ Kd6 35. Qe7+ 
1-0

[Event "34th Chess Olympiad (women)"]
[Site "Istanbul"]
[Date "2000.10.29"]
[Round "2.39.3"]
[White "Rolles, May"]
[Black "Coimbra, Margarida"]
[WhiteElo "2000"]
[BlackElo "2043"]
[WhiteCountry "SIN"]
[BlackCountry "POR"]
[Result "0-1"]

1. d4 d5 2. c4 c6 3. Nc3 Nf6 4. Nf3 e6 5. Bg5 h6 6. Bh4 dxc4 7. e3 b5 8. a4 Bb4 
9. Be2 Bb7 10. O-O a6 11. axb5 cxb5 12. Re1 O-O 13. Bf1 Nbd7 14. e4 Qb6 
15. Re3 Bxc3 16. bxc3 Nxe4 17. Rb1 Qc7 18. Qc2 Ndf6 19. Bxf6 Nxf6 20. g3 Ng4 
21. Qe2 Nxe3 22. Qxe3 Qc6 23. Bg2 Qe4 24. Qxe4 Bxe4 25. Re1 Bd5 26. Ne5 a5 
27. Bxd5 exd5 28. Ra1 b4 29. Rc1 b3 30. Rb1 a4 31. Nc6 a3 32. Nb4 a2 
33. Nxa2 bxa2 34. Ra1 Rfb8 35. Rxa2 Rxa2 36. Kg2 Rbb2 37. Kh3 Rxf2 38. Kg4 f5+ 
39. Kh5 Kh7 40. h4 g6# 
0-1

[Event "34th Chess Olympiad (women)"]
[Site "Istanbul"]
[Date "2000.10.29"]
[Round "2.40.1"]
[White "Wiesuriya, Vineetha"]
[Black "Mohammed, Janer"]
[WhiteElo "2000"]
[BlackElo "2000"]
[WhiteCountry "SRI"]
[BlackCountry "IRQ"]
[Result "1-0"]

1. d4 Nf6 2. Nf3 g6 3. c4 Bg7 4. Nc3 O-O 5. e4 d6 6. h3 Nbd7 7. Be2 e5 8. d5 a5 
9. Be3 Qe7 10. Qd2 Kh8 11. Bg5 Nc5 12. O-O Re8 13. Qe3 Bd7 14. Nd2 Qf8 
15. f4 exf4 16. Qxf4 Ng8 17. Qxf7 Rac8 18. Qxf8 Rxf8 19. Be3 Na4 20. Rxf8 Rxf8 
21. Nxa4 Bxa4 22. Rb1 Nf6 23. b3 Bd7 24. c5 dxc5 25. Bxc5 Re8 26. Bf3 Kg8 
27. Rd1 Bh6 28. Bd4 Bxd2 29. Bxf6 Be3+ 30. Kh1 Bf4 31. a4 Bd6 32. Bc3 b6 
33. Re1 Be5 34. Bxe5 Rxe5 35. Rc1 c5 36. dxc6 Bc8 37. Rd1 Kf7 38. Rd8 Be6 
39. Rb8 Bxb3 40. c7 Be6 41. c8=Q Bxc8 42. Rxc8 h5 43. Rb8 Re6 44. Rd8 h4 
45. Rd5 Rc6 46. Rb5 Kg7 47. e5 Re6 48. Bg4 Rc6 49. Bd7 Rc1+ 50. Kh2 Rd1 51. e6 
1-0

[Event "34th Chess Olympiad (women)"]
[Site "Istanbul"]
[Date "2000.10.29"]
[Round "2.40.2"]
[White "Al-Rufei, Eman H"]
[Black "Konama, Anupama"]
[WhiteElo "2031"]
[BlackElo "2000"]
[WhiteCountry "IRQ"]
[BlackCountry "SRI"]
[Result "1-0"]

1. e4 e6 2. d4 d5 3. Nc3 Nf6 4. e5 Nfd7 5. f4 c5 6. Nf3 Nc6 7. Be3 Qb6 
8. a3 cxd4 9. Nxd4 Nxd4 10. Bxd4 Bc5 11. Nb5 Bxd4 12. Qxd4 Qxd4 13. Nxd4 a6 
14. g3 Nb6 15. b3 Bd7 16. Bd3 O-O 17. Kd2 Nc8 18. g4 Ne7 19. Rae1 Nc6 
20. Nxc6 bxc6 21. f5 a5 22. h4 Rae8 23. h5 f6 24. h6 exf5 25. hxg7 Kxg7 
26. exf6+ Rxf6 27. Rxe8 Bxe8 28. gxf5 Bd7 29. Rf1 Kh6 30. Ke3 Kg7 31. Kf4 h6 
32. Ke5 Kf7 33. Rf4 h5 34. Be2 Rh6 35. Rh4 Kg7 36. Rxh5 Rxh5 37. Bxh5 Kf8 
38. f6 Be8 39. Bxe8 Kxe8 40. Kd6 Kf7 41. Kxc6 Kxf6 42. Kxd5 Ke7 43. Kc5 
1-0

[Event "34th Chess Olympiad (women)"]
[Site "Istanbul"]
[Date "2000.10.29"]
[Round "2.40.3"]
[White "Rathayake, Chandra"]
[Black "Ameen, S."]
[WhiteElo "2000"]
[BlackElo "2152"]
[WhiteCountry "SRI"]
[BlackCountry "IRQ"]
[Result "1/2-1/2"]

1. e4 e5 2. Nf3 Nc6 3. Bc4 d6 4. d4 Bg4 5. d5 Nd4 6. Be2 Nxe2 7. Qxe2 Qd7 
8. h3 Bxf3 9. Qxf3 Nf6 10. c4 b5 11. Bg5 Be7 12. Bxf6 Bxf6 13. Nd2 bxc4 
14. Nxc4 Qb5 15. Qc3 a5 16. O-O O-O 17. Rac1 Bg5 18. Rcd1 f5 19. f3 Qc5+ 
20. Kh1 fxe4 21. fxe4 Rf4 22. Rxf4 Bxf4 23. Rf1 h5 24. b3 h4 25. Qf3 g5 
26. Qf2 Qxf2 27. Rxf2 Kf8 28. Rc2 Ra7 29. Kg1 Ke7 30. Kf1 Kd7 31. Ke2 Ke7 
32. a4 Ra6 33. Na3 Kd7 34. Kd3 Bg3 35. Nb5 c6 36. dxc6+ Rxc6 37. Rc4 Bf2 
38. Nc3 Rb6 39. Nb5 Bc5 40. Rc1 Rb8 41. Rf1 Rg8 42. Rf7+ Ke6 43. Rh7 Kf6 
44. Rh6+ Kg7 45. Re6 Kf7 46. Rh6 Rd8 47. Kc4 Bb4 48. Kd5 Kg7 49. Re6 Rc8 
50. Re7+ Kf6 51. Rc7 Rd8 52. Rc6 Ke7 
1/2-1/2